| 000 | 01617cam a22003011ia4500 | ||
|---|---|---|---|
| 003 | SA-RiAUC | ||
| 005 | 20250226091029.0 | ||
| 008 | 241022s2006 su g 000 0cara c | ||
| 020 | _a9960961850 | ||
| 040 |
_aSA-MaUQU _bara _cSA-RiAUC _erda |
||
| 082 | 0 | 4 | _a920.53121 |
| 090 |
_a920.53121 _bب ي ل |
||
| 100 | 1 |
_aبيلا، زكريا بن عبد الله بن حسن، _d1329-1413 هجري _eمؤلف. |
|
| 245 | 1 | 2 |
_aالجواهر الحسان في تراجم الفضلاء والأعيان من أساتذة وخلان / _cزكريا بن عبد الله بيلا ؛ تحقيق عبد الوهاب أبو سليمان، محمد إبرهيم أحمد علي. |
| 250 | _aالطبعة الأولى. | ||
| 264 | 1 |
_aمكة المكرمة : _bمؤسسة الفرقان للتراث الإسلامي، _c2006 |
|
| 300 |
_a2 مجلد في 2 ؛ _c24 سم |
||
| 336 |
_aنص _btxt _2rdacontent _3كتاب |
||
| 337 |
_aبدون وسيط _bn _2rdamedia |
||
| 338 |
_aمجلد _bnc _2rdacarrier |
||
| 500 | _aاهدء من عبدالوهاب ابو سليمان الى ابنه انس عبدالوهاب ابو سليمان 22/ 10 / 1427 هـ | ||
| 500 | _aملاحظات من الشيخ الدكتور عبدالوهاب سليمان رحمه الله بداخل الكتاب | ||
| 651 | 7 |
_aمكة المكرمة _vتراجم _2aucsh |
|
| 700 | 1 |
_aأبو سليمان، عبد الوهاب إبراهيم محمد، _d1355-1444 هجري _eمحقق. |
|
| 700 | 1 |
_aعلي، محمد إبراهيم أحمد، _d1355-1430 هجري _eمحقق. |
|
| 942 |
_2ddc _cBOOK _n0 |
||
| 949 |
_aSA-JeALM _d241022 _umohamedma123 _n1 |
||
| 999 |
_c1609 _d1609 |
||